Direito tributário e financeiro / (Record no. 654)

MARC details
000 -LÍDER
Campo Fixo de Controle 00755nam a2200265 a 4500
001 - NÚMERO DE CONTROLE
Campo de Controle 654
003 - IDENTIFICAÇÃO DO NÚMERO DE CONTROLE
Campo de Controle BR-CuiBMT
005 - DATA E HORA DA ÚLTIMA ATUALIZAÇÃO
Campo de Controle 20231112035602.0
008 - DADOS FIXOS
Dados Fixos 231108s2016 spba 000 0 por d
020 ## - INTERNATIONAL STANDARD BOOK NUMBER
Nº do ISBN 9788533937390
040 ## - AGÊNCIA CATALOGADORA
Código da Agência Catalogadora BR-CuiBMT
Agência que transcreveu o registro BR-CuiBMT
080 ## - Nº DA CLASSIFICAÇÃO DECIMAL UNIVERSAL
Nº Class. CDU 34:336.22
Nº edição CDU 2007
090 ## - NÚMERO DE CHAMADA
Nº classificação 34:336.22
Cutter M583d
Ano/Edição 7. ed.
100 1# - ENTRADA PRINCIPAL -- AUTOR PESSOAL
Nome pessoal Messa, Ana Flávia
245 0# - TÍTULO PRINCIPAL
Título principal Direito tributário e financeiro /
Indicação de responsabilidade Ana Flávia Messa.
250 ## - EDIÇÃO
Edição 7. ed., rev. e atual.
260 ## - PUBLICAÇÃO, DISTRIBUIÇÃO, ETC.
Local de publicação São Paulo :
Editora Rideel,
Data 2016.
300 ## - DESCRIÇÃO FÍSICA
N. páginas ou volumes 374 p.:
Ilustrações il. ;
Dimensões 23 cm
504 ## - NOTA DE BIBLIOGRAFIA, ETC.
Nota de bibliografia Inclui bibliografia.
650 ## - ASSUNTO TÓPICO
Cabeçalho tópico ou nome geográfico Direito tributário
650 ## - ASSUNTO TÓPICO
Cabeçalho tópico ou nome geográfico Competência tributária
650 ## - ASSUNTO TÓPICO
Cabeçalho tópico ou nome geográfico Direito financeiro
650 ## - ASSUNTO TÓPICO
Cabeçalho tópico ou nome geográfico Impostos
Subdivisão geral Jurisprudência
942 ## - ELEMENTOS DE ENTRADA ADICIONAIS (KOHA)
Fonte de classificação ou esquema de arquivamento Classificação Decimal Universal
Tipo de item do Koha Livros
Holdings
Estado: removido Estado: perdido Fonte de classificação ou esquema de arquivamento Estado: danificado Indisponível para empréstimo Localização permanente Localização atual Data de aquisição Total Checkouts Número de Chamada completo Código de barras Date last seen Número do exemplar Preço efetivo a partir de Tipo de item (Koha)
    Classificação Decimal Universal     Biblioteca da Escola Superior de Contas do TCE/MT Biblioteca da Escola Superior de Contas do TCE/MT 11/11/2023   34:336.22 M583d 7. ed. BIBTCEMT23110476 12/11/2023 Ex. 1 12/11/2023 Livros

Powered by Koha